Quizzes
Events
Quiz Creation
Community
Videos
Private Events
Remove Ads
Sign In
Join for FREE
Feedback
Dark Mode
Quiz Categories
Sports
Geography
Music
Movies
Television
Just For Fun
Miscellaneous
History
Literature
Language
Science
Gaming
Entertainment
Religion
Holiday
For Kids
Quiz Lab
Recent
Popular Today
Quiz Kudos Today
Editor Picks
Curator Picks
Quizzes by...
Day
Popularity
Type
Ratings
Length
Year
Community
Subscriptions
Recent Discussions
Orange Saloon
Badges
Playlists
Quests
Create
Leaderboards
Showdown
Live 5
Trivia Bingo
Activity
Puzzle Library
Sporcle Events
Private Events
Virtual Trivia
Globe League
Become a Host
Pub Owners
SporcleCon
Opinionation
Our Games
Videos
Blog
Mobile Apps
Partnerships
Remove Ads and Go Orange
Feedback
Gaming
Video Games
Board Games
Card Games
Pokémon
Mario
Nintendo
Minecraft
Console
Toys
Legend of Zelda
Gaming
Video Games
Board Games
Card Games
Pokémon
Mario
Nintendo
Minecraft
Console
Toys
Legend of Zelda
Random Quiz
Search Sporcle
×
Quiz Lab
Quiz Lab
Gaming
Video Games
Type in answers that appear in a list
Type in answers that appear in a list
Classic
Best Score? Go Orange.
Most played video games on Steam Stats
Can you name the video games with the highest number of players* on Steam?
By
delta51
8m
40 Questions
146 Plays
146 Plays
146 Plays
Comments
Comments
Give Quiz Kudos
Give Quiz Kudos
-
- Ratings
hide this ad
More Info
Replay
Link that replays current quiz
Next Quiz
Link to next quiz in quiz playlist
You Got
0%
They Got
Avg Score
23%
Avg Friend Score
Upgrade to see
Score Distribution
Jump to the score distribution portion of the page
Score
0/40
Timer
08:00
0
Plays Today
Players
Game
% Correct
27.5m
Counter-Strike: Global Offensive
77.1%
98.9m
Dota 2
66.7%
39.5m
Team Fortress 2
60.4%
6.9m
Grand Theft Auto V
58.3%
7.0m
Portal
53.5%
7.6m
Portal 2
52.1%
5.8m
Half-Life 2
45.1%
9.2m
Counter-Strike
38.9%
11.0m
The Elder Scrolls V: Skyrim
38.2%
14.2m
Left 4 Dead 2
35.4%
5.0m
Rocket League
35.4%
12.3m
Garry's Mod
32.6%
11.4m
Counter-Strike: Source
32.6%
8.1m
Terraria
31.3%
5.0m
Rust
30.6%
4.6m
ARK: Survival Evolved
28.5%
4.6m
Call of Duty: Modern Warfare 2
26.4%
9.4m
Sid Meier's Civilization V
23.6%
6.5m
Borderlands 2
17.4%
8.1m
Paladins
16.7%
Players
Game
% Correct
7.2m
PAYDAY 2
16.7%
4.1m
Fallout: New Vegas
16%
9.9m
Warframe
13.9%
23.0m
Unturned
13.2%
4.1m
SMITE
12.5%
6.7m
War Thunder
9%
5.4m
Brawlhalla
6.9%
6.3m
Trove
5.6%
4.6m
Path of Exile
5.6%
4.5m
Don't Starve Together
4.9%
4.2m
Counter-Strike: Condition Zero
4.2%
8.6m
Robocraft
3.5%
4.4m
Warface: Ice Breaker
3.5%
9.8m
Heroes & Generals
2.8%
4.6m
PlanetSide 2
2.8%
4.4m
Chivalry: Medieval Warfare
2.8%
4.9m
Alien Swarm
1.4%
4.6m
Counter-Strike Nexon: Zombies
1.4%
4.4m
Dirty Bomb
1.4%
4.8m
No More Room in Hell
0.7%
Quiz Playlist
Details
Report
Send in Message
Add To Playlist
More Info:
Approximate number of players who have played the games since March 2009 (until the 1st week of April 2017). Source: SteamSpy (steamspy.com)
Classic:
Type in answers that appear in a list
Quiz Source
Last Updated: Apr 9, 2017
Quiz Scoreboard
CHALLENGE
Sign Up to Join the Scoreboard
Show All
Scores
Hide
Comments
May contain spoilers
Recently Published
An Introduction to Baseball
by treessimontrees
Sports
5m
Movies - When Are They Set?
by FPL_Elf
Movies
5m
Popular People in 1961
by mucciniale
History
6m
More to Explore
Quiz From the Vault
Featured Blog Post
Where Did the Easter Bunny Come From?
hide this ad
You Might Also Like...
Tags
Video Games Quiz
Most Played
Player
steam
Today's Top Quizzes in Gaming
Browse Gaming
hide this ad
Today's Top Quizzes in Video Games
Browse Video Games
Top Contributed Quizzes in Gaming
1
Destiny 2 exotic weapons by perk icons
2
Ultimate Genshin Impact Logic Puzzle (up to 4.3)
3
5-to-1: Consoles
4
Genshin Impact Logic Puzzle Quiz
5
Franchise by Action Figure
6
Who's on the WWE 2K24 Cover?
7
Windmill: Pokémon
8
Legendary or Exotic?
9
Overwatch 2: Ultimate Ability Icons
10
5-to-1: Legend of Zelda
Explore More
Trending Topics
Kpop
NBA
Disney
Marvel
Anime
Crossword
Harry Potter
NFL
Puzzle
Country
Soccer
WWE
Pokémon
Song
The Office
hide this ad
More By:
delta51
Quiz
Plays
Rating
Category
Featured
Created
Busiest UK railway stations outside London
2,998
4.55
Geography
Jan 21, 2017
English towns in Yorkshire and the Humber (map)
1,438
4.75
Geography
Dec 11, 2016
English towns in West Midlands (map)
1,303
4.14
Geography
Dec 10, 2016
English towns in the North West (map)
1,266
4.00
Geography
Dec 15, 2016
English towns in the South West (map)
1,246
4.75
Geography
Dec 4, 2016
Go to Creator's Profile
Score Distribution
Quiz Creator Spotlight
delta51
Follow
Send a Message
Quizzes Created
-
Created Quiz Play Count
-
More By This Creator
Popular Quizzes Today
1
Find the Countries of Europe - No Outlines Minefield
2
Find the US States - No Outlines Minefield
3
The Countries of the World
4
Popular People in 1961
5
US States
6
1-10 Letter E Words III
7
Find the US States
8
Risky Map Clicking: Biggest States A-Z
More Gaming Quizzes
Bowser's Koopalings
Published
Trending Quizzes
Risky Map Clicking: Least Populous States A-Z
1-10 Letter F Words
1-10 Letter G Words
One Thing in Common: United Kingdom
Risky Map Clicking: Next State Alphabetically
Recently Updated
Leaping Animals
pecheneg
Reality TV Shows (A-Z)
bhenderson79
Rickey Henderson's Hall of Fame Teammates
pecheneg
Champions League XIs: Arsenal
pecheneg
Quick Pick: Celebrities in WWE's Hall of Fame
aduchscher
A-Z Keypad Blitz II
pecheneg
Multiple Oscar Actors
pecheneg
Mystery Phrase Blitz: Oscar 'Best Actors'
pecheneg
F. Scott Fitzgerald Novels
LTH
Pick 3 Villains
ddd62291
Trending Topics
NBA
Marvel
Crossword
Disney
Harry Potter
Anime
Kpop
WWE
Country
The Office
Soccer
NFL
Pokémon
Song
Puzzle
Your Account Isn't Verified!
In order to create a playlist on Sporcle, you need to verify the email address you used during registration. Go to your
Sporcle Settings
to finish the process.
Report this User
Report this user for behavior that violates our
Community Guidelines
.
Details:
Send Report
Go to the Sporcle.com Mobile Site →
Comments